000 00868nam a2200301Ia 4500
001 2070
003 IT-RoPAU
008 130308s9999 xx 000 0 und d
040 _aIT-RoPAU
040 _cIT-RoPAU
041 _aFRANCESE
100 _aSegre Cesare
100 _gCodice Aut. SPICS: 1376
245 _aDu structuralisme a la semiologie en Italie
245 _bChamp semiologique (Le)
250 _a1a ed.
260 _aBRUXELLES
260 _bComplexe
260 _c1979 [1° Ed.:1979 - Ed.Ling.Originale:1979]
300 _a"29 p. (prefazione: no ; testo: 29)"
500 _aDallo Strutturalismo Alla Semiologia in Italia Debito Strutturalista Specificità della Semiologia Investigazione per Il Futuro
650 _aSEMIOLOGIA
650 _eCodice materia Spics: 3251
942 _cBK
957 _71
999 _c40705
_d40705
999 _bSI
999 _g1